Basic Corporate Accounting : Vol. - II : Assignments 6th ed. (Record no. 18667)
[ view plain ]
| 000 -LEADER | |
|---|---|
| fixed length control field | 00417nam a2200157Ia 4500 |
| 008 - FIXED-LENGTH DATA ELEMENTS--GENERAL INFORMATION | |
| fixed length control field | 221030s9999 xx 000 0 und d |
| 020 ## - INTERNATIONAL STANDARD BOOK NUMBER | |
| ISBN | 9789390585038 |
| 041 ## - LANGUAGE CODE | |
| Language code of text/sound track or separate title | |
| 100 ## - MAIN ENTRY--AUTHOR NAME | |
| Personal name | B. K. Goyal |
| 245 #0 - TITLE STATEMENT | |
| Title | Basic Corporate Accounting : Vol. - II : Assignments 6th ed. |
| Statement of responsibility, etc | by B. K. Goyal |
| 250 ## - EDITION STATEMENT | |
| Edition statement | 6th |
| 260 ## - PUBLICATION, DISTRIBUTION, ETC. (IMPRINT) | |
| Name of publisher | Taxmann Pub. |
| Place of publication | New Delhi |
| Year of publication | 2021 |
| 300 ## - PHYSICAL DESCRIPTION | |
| Number of Pages | 12.18 |
| 650 ## - SUBJECT ADDED ENTRY--TOPICAL TERM | |
| Topical Term | Management |
| 942 ## - ADDED ENTRY ELEMENTS (KOHA) | |
| Koha item type | Books |
| Accession Number | Cost, normal purchase price | Bill Date | Source of acquisition | Price effective from | Koha item type | Withdrawn / writtenoff status | Materials specified (bound volume or other part) | Damaged status | Not for loan | Permanent Location | Current Location | Shelving location | Date acquired | Lost/ Missing status | department |
|---|---|---|---|---|---|---|---|---|---|---|---|---|---|---|---|
| B.COM 84 | 845.00 | 37 | RKB | 10/30/2022 | Books | Not For Loan | MIET Library, Jammu | MIET Library, Jammu | 192/3 | 08/18/2021 | B.COM | ||||
| B.COM 85 | 845.00 | 37 | RKB | 10/30/2022 | Books | MIET Library, Jammu | MIET Library, Jammu | 190/3 | 08/18/2021 | B.COM | |||||
| B.COM 86 | 845.00 | 37 | RKB | 10/30/2022 | Books | MIET Library, Jammu | MIET Library, Jammu | 190/3 | 08/18/2021 | B.COM |